| 000 | 00740cam a2200253 4500 | ||
|---|---|---|---|
| 001 | ABS67195 | ||
| 008 | 031029n2003 000 0 eng u | ||
| 035 | _a(Sirsi) u124119 | ||
| 245 | _aLand Registration Act 2002 | ||
| 260 | _c2003 | ||
| 490 |
_aLaw Watch _vSeptember 2003, 1-4 (LOAN) |
||
| 520 | _aA brief overview of the key provisions of the Land Registration Act 2002 which came into force on 13 October 2003. | ||
| 590 | _aABS | ||
| 650 | _aLAND REGISTRATION ACT 2002 | ||
| 650 | _aREGISTERED TITLE | ||
| 650 | _aHM LAND REGISTRY | ||
| 650 | _aLEASES | ||
| 650 | _aLAND CHARGES | ||
| 650 | _aADVERSE POSSESSION | ||
| 650 | _aOVERRIDING INTEREST | ||
| 650 | _aTHIRD PARTY RIGHTS | ||
| 690 | _aPROPERTY | ||
| 942 | _n0 | ||
| 999 |
_c73676 _d73676 |
||